Engineering a Computer (Record no. 157)

MARC details
000 -LEADER
Fixed length control field 00514nam a2200181 4500
003 - CONTROL NUMBER IDENTIFIER
Control field SEACOMEC
005 - DATE AND TIME OF LATEST TRANSACTION
Control field 20240416122617.0
008 - FIXED-LENGTH DATA ELEMENTS--GENERAL INFORMATION
Fixed length control field 231006b |||||||| |||| 00| 0 eng d
040 ## - CATALOGING SOURCE
Original cataloging agency SEACOMEC
082 ## - DEWEY DECIMAL CLASSIFICATION NUMBER
Classification number 005.453
Book Number C776
100 1# - MAIN ENTRY--PERSONAL NAME
Personal name Cooper, Keith D.
245 1# - TITLE STATEMENT
Title Engineering a Computer
Statement of responsibility Keith D. Cooper and Linda Torezon
260 ## - IMPRINT
Place of publication New Delhi
Name of publisher Elsevier
Date of publication 2004
650 ## - SUBJECT ADDED ENTRY--TOPICAL TERM
Topical term Computer programming, programs, data
650 ## - SUBJECT ADDED ENTRY--TOPICAL TERM
Topical term Systems programming and programs
700 1# - ADDED ENTRY--PERSONAL NAME
Personal name Torezon, Linda
942 ## - ADDED ENTRY ELEMENTS (KOHA)
Koha item type Books
Holdings
Withdrawn status Lost status Source of classification Damaged status Not for loan Home library Current library Date acquired Total Checkouts Call number Accession number Date last seen Price effective from Koha item type
    Dewey Decimal Classification     SEACOM ENGINEERING COLLEGE SEACOM ENGINEERING COLLEGE 16/04/2024   005.453 C776 5125 16/04/2024 16/04/2024 Books
© Seacom Engineering College, All rights reserved.      Powered by Koha